• 首页
  • 本馆介绍
  • 公告通知
  • 最新文献
  • 馆藏检索
  • 电子资源
  • 读者导购
  • 参考咨询
  • 我的图书馆
  • 登录
  • 详细信息显示
  • 放入我的书架
  • 预约/预借图书
  • 作者相关作品
  • 分类相关作品
  • 丛书相关作品
  • 出版社相关作品

书目信息

  • 表格格式
  • 工作单格式
  • 卡片格式
题名:
罗巴切夫斯基几何学初步
    
 
作者: A.Ⅱ·诺尔金 著 ;姜立夫 译
分册:  
出版信息: 北京   高等教育出版社  1956.08
页数: 220页
开本: 20cm
丛书名:
单 册:
中图分类: O184
科图分类:
主题词: 几何 , 拓扑
电子资源:
ISBN:
000 00660nam0 2200217 450
001 0653544062
005 20060726145522.70
010    @dCNY1.10
100    @a20060726d1956 km y0chiy0120 ea
101 0  @achi@crus
102    @aCN@b110000
200 1  @a罗巴切夫斯基几何学初步@Aluo ba qie fu si ji ji he xue chu bu@f(苏)A.Ⅱ·诺尔金著@F(su)A.Ⅱ·nuo er jin zhu@g姜立夫等译@Gjiang li fu deng yi
210    @a北京@c高等教育出版社@d1956.08
215    @a220页@d20cm
606 0  @a几何
606 0  @a拓扑
690    @aO184@v3
701  0 @aA.Ⅱ·诺尔金@AA.Ⅱ·nuo er jin@4著
702  0 @a姜立夫@Ajiang li fu@4译
801  0 @aCN@bPFT@c20060726
905    @a10447@dO184@e3
    
    罗巴切夫斯基几何学初步/(苏)A.Ⅱ·诺尔金著/姜立夫等译.-北京:高等教育出版社,1956.08
    220页;20cm
    
    
    ISBN :CNY1.10
    
●
相关链接 在E读中查询图书 在五车中查询图书 在当当中查询图书 在豆瓣中查询图书


正题名:罗巴切夫斯基几何学初步     索取号:O184/3         预约/预借

序号 登录号 条形码 馆藏地/架位号 状态 备注
1 0431830   204318309   密集书库/ [索取号:O184/3] 在馆    
唐山师范学院图书馆 欢迎您!
大连网信软件有限公司© 版权所有